Ligue des Champions 2023/2024 - Statistiques

Statistiques générales
  • Ce quiz a été pris 408 fois
  • Le résultat moyen est 8 sur 13
Statistiques - réponses
Question Réponse % Correct
Quels sont les 2 clubs français qui ont disputé la phase de groupe ? (1) PSG
100%
Quels sont les 2 clubs à avoir gagné tous leurs matchs de phase de groupe ? (1) Real Madrid
94%
(2) RC Lens
89%
(2) Manchester City
86%
(3) Vinicius Jr
85%
(2) Kylian Mbappé
76%
Dans quelle stade se joue la finale ? Wembley
61%
(4) Joselu
60%
(2) Mats Hummels
56%
Qui sont les 2 meilleurs buteurs (à égalité) ? (1) Harry Kane
53%
Qui sont les buteurs en demi-finale des 2 équipes qui se sont qualifiées pour la finale ? (1) Niclas Fullkrug
48%
Qui est le joueur français qui a reçu un carton rouge lors des 8èmes de finale ? Dayot Upamecano
27%
Qui a arbitré le quart de finale aller entre le PSG et le FC Barcelone ? Anthony Taylor
11%
Aucun quiz correspondant
Distribution des résultats
% des personnes avec chaque résultat
Percentile par nombre de réponses
Votre historique - résultats
Vous n’avez pas pris ce quiz